Reflexiones sobre intentos de reforma del estatuto de la Universidad Nacional de Mar del Plata, una aproximación a los factores que intervinieron en el proceso (Registro nro. 22872)
[ vista simple ]
| 000 -LEADER | |
|---|---|
| fixed length control field | 00584 a2200157 4500 |
| 001 - CONTROL NUMBER | |
| control field | ART_42349 |
| 005 - DATE AND TIME OF LATEST TRANSACTION | |
| control field | 20260410161827.0 |
| 008 - FIXED-LENGTH DATA ELEMENTS--GENERAL INFORMATION | |
| fixed length control field | 260409a |
| 100 1# - MAIN ENTRY--PERSONAL NAME | |
| Personal name | González Carella, María I. |
| 245 10 - TITLE STATEMENT | |
| Title | Reflexiones sobre intentos de reforma del estatuto de la Universidad Nacional de Mar del Plata, una aproximación a los factores que intervinieron en el proceso |
| 700 1# - ADDED ENTRY--PERSONAL NAME | |
| Personal name | Hammond, Fernando |
| 700 1# - ADDED ENTRY--PERSONAL NAME | |
| Personal name | Pérez, Pedro E. |
| 700 1# - ADDED ENTRY--PERSONAL NAME | |
| Personal name | Carrozza, Tomás |
| 700 1# - ADDED ENTRY--PERSONAL NAME | |
| Personal name | Murillo, Luciana L. |
| 773 0# - HOST ITEM ENTRY | |
| Title | FACES |
| Related parts | - Año 21, Nº 44 (ene./jun. 2015) |
| Record control number | REV5046 |
No hay ítems disponibles.